Esercizio del cristiano da farsi ogni giorno con una familiare istruzione per la Confessione, e Communione, ed altri esercizj divoti : per uso delle Sante Missioni istituite da s. Vincenzo de Paoli

Gespeichert in:
Bibliographische Detailangaben
1. Verfasser: Abbate , Stefano
Format: Buch
Sprache:Italienisch
Erschienen: Napoli per Stefano Abbate 1748
Katalog:EDISCO:  Suchergebnis im Bibliothekskatalog
Schulbuchspezifische Eigenschaften:
Tags: Tag hinzufügen
Keine Tags, Fügen Sie den ersten Tag hinzu!
Hinzugefügt zu:30.04.2016
Geändert in:04.10.2017

MARC

LEADER 00000aam a22000005 4500
001 17377
003 OSt
005 20171004090034.0
008 160501s1748 it 000 0 ita
040 |c Paola Zonca - Torino - SBN 
041 1 |a ita 
100 1 |a Abbate , Stefano 
245 0 0 |a Esercizio del cristiano da farsi ogni giorno con una familiare istruzione per la Confessione, e Communione, ed altri esercizj divoti : per uso delle Sante Missioni istituite da s. Vincenzo de Paoli 
260 |a Napoli  |b per Stefano Abbate  |c 1748 
300 |a 107, [1] p, 1/x ;   |c in 24° lungo 
901 |a 5 
942 |2 ddc  |c BK 
546 |a ita 
999 |c 17366  |d 17366 
999 |c edisco:17366  |d 17366